| 000 | 00390 a2200145 4500 | ||
|---|---|---|---|
| 999 |
_c8170 _d8170 |
||
| 020 | _a9780335214464 | ||
| 050 | _aP96LOO2008 | ||
| 100 |
_aLoon , Joost Van _eauthor |
||
| 245 |
_aMedia technology: _cCritical Perspectives / |
||
| 264 |
_aNew York: _bOpen university Press, _c2008 |
||
| 300 | _a174p. : | ||
| 500 | _aincludes index | ||
| 650 | _amedia technology | ||
| 942 |
_2lcc _cBK _h96 _iLOO _kP |
||